| 000 | 00439nam a22001577a 4500 | ||
|---|---|---|---|
| 003 | SISC | ||
| 005 | 20160510141426.0 | ||
| 008 | 160510b xxu||||| |||| 00| 0 eng d | ||
| 020 | _a9789814395885 | ||
| 050 | _aQ 4357 .C518p4 2012 | ||
| 100 | _aCheng, Helena | ||
| 245 | _aTop science examination papers 3 | ||
| 260 |
_aSingapore : _bEducational Publishing House Ltd _c2012 |
||
| 300 |
_a160 pages., _bill., _c28 cm. |
||
| 942 |
_2lcc _cBK |
||
| 999 |
_c293676 _d293676 |
||